[Event "Reykjavik op 22nd"]
[Site "Reykjavik"]
[Date "2006.03.14"]
[Round "9"]
[White "Harikrishna, Penteala"]
[Black "Sargissian, Gabriel"]
[Result "1/2-1/2"]
[WhiteElo "2673"]
[BlackElo "2603"]
[PlyCount "27"]
[EventDate "2006.03.06"]
[EventType "swiss"]
[EventRounds "9"]
[EventCountry "ISL"]
[Source "ChessBase"]
[SourceDate "2006.05.09"]

1. d4 Nf6 2. c4 e6 3. Nc3 Bb4 4. e3 O-O 5. Nge2 d5 6. a3 Bd6 7. Ng3 c6 8. Be2
e5 9. cxd5 exd4 10. exd4 cxd5 11. O-O Nc6 12. Bf3 h6 13. Nge2 Bg4 14. Bxg4
1/2-1/2

[Event "Glitnir blitz"]
[Site "Reykjavik"]
[Date "2006.03.16"]
[Round "3.1"]
[White "Harikrishna, Penteala"]
[Black "Ivanisevic, Ivan"]
[Result "1/2-1/2"]
[WhiteElo "2673"]
[BlackElo "2588"]
[PlyCount "57"]
[EventDate "2006.03.15"]
[EventType "k.o. (blitz)"]
[EventRounds "6"]
[EventCountry "ISL"]
[Source "ChessBase"]
[SourceDate "2006.05.09"]

1. d4 Nf6 2. c4 e6 3. Nc3 Bb4 4. e3 c5 5. Nge2 b6 6. a3 Ba5 7. Rb1 Na6 8. Bd2
O-O 9. d5 exd5 10. cxd5 Bb7 11. Nf4 Bxc3 12. Bxc3 Ne4 13. Bd3 Nxc3 14. bxc3 c4
15. Bc2 Qf6 16. Qd2 Nc5 17. O-O Rac8 18. Rfe1 Rfe8 19. Qd4 Qxd4 20. exd4 Nd3
21. Nxd3 cxd3 22. Bxd3 Bxd5 23. c4 Bc6 24. Rec1 Be4 25. Bxe4 Rxe4 26. c5 bxc5
27. dxc5 g6 28. f3 Re5 29. Rb7 1/2-1/2

[Event "Amber-blind 15th"]
[Site "Monte Carlo"]
[Date "2006.03.29"]
[Round "10"]
[White "Gelfand, Boris"]
[Black "Topalov, Veselin"]
[Result "1/2-1/2"]
[WhiteElo "2723"]
[BlackElo "2801"]
[PlyCount "73"]
[EventDate "2006.03.18"]
[EventType "tourn (rapid)"]
[EventRounds "11"]
[EventCountry "MNC"]
[EventCategory "19"]
[Source "ChessBase"]
[SourceDate "2006.05.09"]

1. d4 Nf6 2. c4 e6 3. Nc3 Bb4 4. e3 O-O 5. Bd3 c5 6. Nge2 cxd4 7. exd4 d5 8.
cxd5 Nxd5 9. O-O Nc6 10. Qc2 h6 11. Rd1 Bd6 12. Be4 Nce7 13. Qb3 Nf6 14. Bf3 a6
15. Bf4 Bxf4 16. Nxf4 Qd6 17. Nh5 Nxh5 18. Bxh5 Bd7 19. Qxb7 Rab8 20. Qa7 Rxb2
21. Ne4 Nc8 22. Nxd6 Nxa7 23. Rdc1 Bc6 24. Nc4 Rbb8 25. Ne5 Be8 26. a4 Nc8 27.
Be2 a5 28. Rc5 Nb6 29. Rb1 Bxa4 30. Rxa5 Nc4 31. Rxb8 Nxa5 32. Rb4 Bc2 33. Bf3
Rc8 34. h4 f6 35. Nd7 Nc6 36. Rc4 Ne7 37. Rxc8+ 1/2-1/2

[Event "EU-ch 7th"]
[Site "Kusadasi"]
[Date "2006.04.09"]
[Round "6"]
[White "Hillarp Persson, Tiger"]
[Black "Lutz, Christopher"]
[Result "1/2-1/2"]
[WhiteElo "2548"]
[BlackElo "2609"]
[PlyCount "86"]
[EventDate "2006.04.04"]
[EventType "swiss"]
[EventRounds "11"]
[EventCountry "TUR"]
[Source "ChessBase"]
[SourceDate "2006.05.09"]

1. d4 Nf6 2. c4 e6 3. Nc3 Bb4 4. e3 O-O 5. Nge2 d5 6. a3 Bd6 7. c5 Be7 8. b4 c6
9. Nf4 b6 10. Bd2 Nbd7 11. Nd3 a5 12. Be2 Ba6 13. b5 Bb7 14. bxc6 Bxc6 15. cxb6
Qxb6 16. O-O Ne4 17. Qc2 Nxd2 18. Qxd2 Rfb8 19. a4 g6 20. g3 Qd8 21. Rfc1 Rb6
22. Qd1 Bd6 23. Bf1 Qe7 24. Ra2 Ba3 25. Rb1 Rxb1 26. Qxb1 Bb4 27. Nb5 Nb6 28.
Ne5 Be8 29. h4 Rc8 30. Rc2 Qd8 31. Qc1 Rxc2 32. Qxc2 Qc8 33. Qxc8 Nxc8 34. Nd3
Be7 35. Nb2 Nb6 36. Bd3 Bd7 37. Kf1 f6 38. Ke2 Kf7 39. Bc2 Bxb5+ 40. axb5 Bd6
41. Na4 Nxa4 42. Bxa4 Bc7 43. Bb3 Bb6 1/2-1/2

[Event "EU-ch 7th"]
[Site "Kusadasi"]
[Date "2006.04.12"]
[Round "8"]
[White "Graf, Alexander"]
[Black "Anastasian, Ashot"]
[Result "1/2-1/2"]
[WhiteElo "2604"]
[BlackElo "2602"]
[PlyCount "69"]
[EventDate "2006.04.04"]
[EventType "swiss"]
[EventRounds "11"]
[EventCountry "TUR"]
[Source "ChessBase"]
[SourceDate "2006.05.09"]

1. d4 Nf6 2. c4 e6 3. Nc3 Bb4 4. e3 Bxc3+ 5. bxc3 c5 6. Bd3 Nc6 7. Ne2 d6 8.
O-O e5 9. e4 O-O 10. f3 cxd4 11. cxd4 Nxd4 12. Nxd4 Qb6 13. Be3 exd4 14. Rb1
Qc6 15. Bxd4 Nd7 16. f4 Nc5 17. Bc2 f5 18. Qh5 Nxe4 19. Rbe1 Qe8 20. Qh4 Bd7
21. Re3 Qd8 22. Qxd8 Raxd8 23. Bxe4 fxe4 24. Rxe4 b6 25. Bb2 Rfe8 26. Rfe1 Rxe4
27. Rxe4 Kf7 28. Kf2 Be6 29. Rd4 Rc8 30. Ke3 g6 31. Rxd6 Rxc4 32. a3 h5 33. Rd3
Rc2 34. Rd2 Rxd2 35. Ke4 1/2-1/2

[Event "Neckar op-A 10th"]
[Site "Deizisau"]
[Date "2006.04.15"]
[Round "5"]
[White "Slobodjan, Roman"]
[Black "Gelashvili, Tamaz"]
[Result "1/2-1/2"]
[WhiteElo "2523"]
[BlackElo "2576"]
[PlyCount "25"]
[EventDate "2006.04.13"]
[EventType "swiss"]
[EventRounds "9"]
[EventCountry "GER"]
[Source "ChessBase"]
[SourceDate "2006.05.09"]

1. d4 Nf6 2. c4 e6 3. Nc3 Bb4 4. e3 c5 5. Bd3 Nc6 6. Nge2 cxd4 7. exd4 d5 8.
cxd5 Nxd5 9. O-O O-O 10. Be4 Nf6 11. Bf3 h6 12. Qb3 Bd6 13. Rd1 1/2-1/2

[Event "Southend Speigel mem"]
[Site "Southend"]
[Date "2006.04.15"]
[Round "4"]
[White "Gormally, Daniel"]
[Black "Emms, John M"]
[Result "1/2-1/2"]
[WhiteElo "2554"]
[BlackElo "2502"]
[PlyCount "27"]
[EventDate "2006.04.14"]
[EventType "tourn"]
[EventRounds "7"]
[EventCountry "ENG"]
[EventCategory "9"]
[Source "ChessBase"]
[SourceDate "2006.05.09"]

1. d4 Nf6 2. c4 e6 3. Nc3 Bb4 4. e3 O-O 5. Nge2 d5 6. a3 Bd6 7. c5 Be7 8. b4 c6
9. Bb2 b6 10. Nf4 Nbd7 11. Nd3 a5 12. Be2 Qc7 13. O-O Ba6 14. Rc1 1/2-1/2

[Event "Schaumburg GM-A"]
[Site "Schaumburg"]
[Date "2006.04.18"]
[Round "2"]
[White "Shulman, Yuri"]
[Black "Mitkov, Nikola"]
[Result "1-0"]
[WhiteElo "2576"]
[BlackElo "2561"]
[PlyCount "89"]
[EventDate "2006.04.18"]
[EventType "tourn"]
[EventRounds "9"]
[EventCountry "USA"]
[EventCategory "10"]
[Source "ChessBase"]
[SourceDate "2006.05.09"]

1. d4 Nf6 2. c4 e6 3. Nc3 Bb4 4. e3 O-O 5. Nge2 Re8 6. a3 Bf8 7. e4 d5 8. e5
Nfd7 9. cxd5 exd5 10. Be3 c5 11. f4 Nb6 12. dxc5 Nc4 13. Bf2 Nxb2 14. Qd2 Nc4
15. Qxd5 Na5 16. Nd4 Nbc6 17. Nxc6 Nxc6 18. Qxd8 Rxd8 19. Nb5 b6 20. Nd6 bxc5
21. Bxc5 Na5 22. Rb1 Be6 23. Ba6 Nb3 24. Bb4 Rab8 25. Kf2 Rb6 26. Be2 a5 27.
Bxa5 Rbxd6 28. Rxb3 Bxb3 29. exd6 Rxd6 30. Rb1 Ba4 31. Rb8 Re6 32. Bb4 Re8 33.
Rxe8 Bxe8 34. Ke3 g6 35. Bxf8 Kxf8 36. Kd4 Bc6 37. Bf3 Bd7 38. Kc5 Ke7 39. Bc6
Bc8 40. a4 Kd8 41. Kb6 Bf5 42. a5 Bd3 43. Bb5 Be4 44. a6 Bxg2 45. a7 1-0

[Event "RUS-chT 13th"]
[Site "Sochi"]
[Date "2006.04.20"]
[Round "1"]
[White "Volkov, Sergey"]
[Black "Filippov, Valerij"]
[Result "1-0"]
[WhiteElo "2620"]
[BlackElo "2561"]
[PlyCount "151"]
[EventDate "2006.04.20"]
[EventType "team"]
[EventRounds "11"]
[EventCountry "RUS"]
[Source "ChessBase"]
[SourceDate "2006.05.09"]

1. d4 Nf6 2. c4 e6 3. Nc3 Bb4 4. e3 O-O 5. Nge2 Re8 6. a3 Bf8 7. Ng3 d5 8. cxd5
exd5 9. Bd3 a5 10. O-O Nbd7 11. b3 g6 12. Ra2 Bg7 13. Re2 Nf8 14. Bb2 Ne6 15.
f4 Ng4 16. Qe1 f5 17. h3 Nf6 18. Nh1 c5 19. Nb5 Ne4 20. Bxe4 dxe4 21. d5 Bxb2
22. Rxb2 Qxd5 23. g4 Bd7 24. Rd2 Qxb3 25. Nd6 Rf8 26. gxf5 Ng7 27. fxg6 hxg6
28. Ng3 Bxh3 29. Rff2 Rad8 30. Ngxe4 Nf5 31. Nxc5 Qxa3 32. Ncxb7 Rxd6 33. Nxd6
Nxd6 34. Rh2 Bf5 35. Ra2 Qd3 36. Rxa5 Rb8 37. Rd2 Qc3 38. Rxf5 Ne4 39. Rfd5
Nxd2 40. Rxd2 Re8 41. Kf2 Qh8 42. Kg2 Qc3 43. Re2 Qxe1 44. Rxe1 Kf7 45. Kf3 Ra8
46. e4 Ra3+ 47. Kg4 Ra2 48. Rb1 Rg2+ 49. Kf3 Ra2 50. e5 Ke7 51. Rd1 Kf7 52. Ke4
Re2+ 53. Kd5 Ra2 54. Ke4 Re2+ 55. Kf3 Ra2 56. Rd7+ Kf8 57. Rb7 Ra1 58. Ke3 Ra3+
59. Ke4 Ra4+ 60. Kf3 Ra1 61. Rc7 Ra2 62. Rd7 Ra1 63. Ke4 Ra4+ 64. Rd4 Ra1 65.
Rc4 Rd1 66. Rc8+ Kf7 67. Rc7+ Kf8 68. e6 Re1+ 69. Kd5 Re2 70. Rf7+ Kg8 71. Kd6
Ra2 72. Rc7 Ra6+ 73. Kd7 Ra4 74. Rc8+ Kg7 75. e7 Rd4+ 76. Kc7 1-0

[Event "RUS-chT 13th"]
[Site "Sochi"]
[Date "2006.04.22"]
[Round "3"]
[White "Volkov, Sergey"]
[Black "Tomashevsky, Evgeny"]
[Result "1/2-1/2"]
[WhiteElo "2620"]
[BlackElo "2595"]
[PlyCount "70"]
[EventDate "2006.04.20"]
[EventType "team"]
[EventRounds "11"]
[EventCountry "RUS"]
[Source "ChessBase"]
[SourceDate "2006.05.09"]

1. d4 Nf6 2. c4 e6 3. Nc3 Bb4 4. e3 O-O 5. Nge2 d5 6. a3 Be7 7. cxd5 Nxd5 8.
Bd2 Nd7 9. g3 Nxc3 10. Bxc3 c5 11. Bg2 cxd4 12. Nxd4 Nb6 13. O-O Nd5 14. Be1
Bf6 15. Rc1 Qd7 16. Rc2 Rd8 17. Rd2 Qe8 18. Kh1 Bd7 19. e4 Nb6 20. b3 Rac8 21.
Rg1 a5 22. f4 a4 23. e5 Be7 24. Bxb7 Rb8 25. Be4 Bxa3 26. Bf2 Bb4 27. Rd3 axb3
28. Rxb3 Ba4 29. Bxh7+ Kxh7 30. Qb1+ Kg8 31. Rxb4 Nc4 32. Rc1 Nd2 33. Qb2 Nb3
34. Rxb8 Rxb8 35. Rb1 Nxd4 1/2-1/2

[Event "RUS-chT 13th"]
[Site "Sochi"]
[Date "2006.04.24"]
[Round "5"]
[White "Aronian, Levon"]
[Black "Alekseev, Evgeny"]
[Result "1-0"]
[WhiteElo "2756"]
[BlackElo "2640"]
[PlyCount "75"]
[EventDate "2006.04.20"]
[EventType "team"]
[EventRounds "11"]
[EventCountry "RUS"]
[Source "ChessBase"]
[SourceDate "2006.05.09"]

1. d4 Nf6 2. c4 e6 3. Nc3 Bb4 4. e3 c5 5. Nge2 cxd4 6. exd4 d5 7. a3 Bxc3+ 8.
Nxc3 Nc6 9. c5 O-O 10. Bf4 Ne4 11. Bd3 Qf6 12. Be3 Nxc3 13. bxc3 e5 14. Rb1 Rb8
15. O-O Bf5 16. Bxf5 Qxf5 17. dxe5 Qxe5 18. Qd2 Qf5 19. Bf4 Ne5 20. Bg3 Rfd8
21. Rfe1 f6 22. Rb4 Rbc8 23. Rxb7 Rxc5 24. Rxa7 Nc6 25. Rc7 Rc4 26. Qb2 Re4 27.
Rxe4 Qxe4 28. h3 Ne7 29. f3 Qe6 30. Bf2 h5 31. a4 Nf5 32. g4 Nd6 33. a5 Nf7 34.
Qb7 f5 35. gxh5 f4 36. a6 d4 37. cxd4 Rd5 38. Qc8+ 1-0

[Event "RUS-chT 13th"]
[Site "Sochi"]
[Date "2006.04.30"]
[Round "11"]
[White "Potkin, Vladimir"]
[Black "Turov, Maxim"]
[Result "1/2-1/2"]
[WhiteElo "2547"]
[BlackElo "2539"]
[PlyCount "146"]
[EventDate "2006.04.20"]
[EventType "team"]
[EventRounds "11"]
[EventCountry "RUS"]
[Source "ChessBase"]
[SourceDate "2006.05.09"]

1. d4 Nf6 2. c4 e6 3. Nc3 Bb4 4. e3 c5 5. Bd3 O-O 6. Nf3 Nc6 7. O-O d5 8. a3
Bxc3 9. bxc3 dxc4 10. Bxc4 Qc7 11. Bb2 e5 12. h3 b6 13. Qc2 e4 14. Nd2 cxd4 15.
cxd4 Na5 16. Bd3 Qxc2 17. Bxc2 Bb7 18. Rac1 Rac8 19. Bb1 Bd5 20. Rxc8 Rxc8 21.
Rc1 Rxc1+ 22. Bxc1 Nc4 23. Nxc4 Bxc4 24. f3 Bd5 25. Kf2 Kf8 26. Bc2 Ke7 27. a4
Ke6 28. Ba3 g6 29. h4 Bb7 30. Bb3+ Bd5 31. Bc2 Bb7 32. Bf8 Nd7 33. Bg7 f5 34.
Kg3 Kf7 35. Bh6 Nf6 36. Bg5 Nh5+ 37. Kf2 Ke6 38. Bd8 Kd7 39. Bg5 Ke6 40. Bd1
Bc6 41. Ke1 Bd5 42. Kd2 Bc6 43. Bb3+ Bd5 44. Bd1 Bc6 45. Kc3 f4 46. Bb3+ Kd6
47. fxe4 Bxe4 48. exf4 Bd5 49. g4 Ng3 50. Bc2 Ne4+ 51. Kb2 Ke6 52. Bd3 Nd6 53.
h5 Be4 54. Be2 Bc6 55. Bd1 gxh5 56. gxh5 Nf5 57. Bb3+ Bd5 58. Bc2 h6 59. Bd8
Nxd4 60. Bg6 Bc6 61. Ka3 Nf5 62. Bc7 Bd7 63. Bb8 a5 64. Bc7 b5 65. axb5 Bxb5
66. Bxa5 Be2 67. Be1 Ne7 68. Be8 Nd5 69. Bd2 Nf6 70. Bg6 Bxh5 71. f5+ Kd7 72.
Bxh6 Bxg6 73. fxg6 Ke6 1/2-1/2

[Event "Bundesliga 0506"]
[Site "Germany"]
[Date "2006.03.11"]
[Round "12.4"]
[White "Graf, Alexander"]
[Black "Hracek, Zbynek"]
[Result "1/2-1/2"]
[WhiteElo "2613"]
[BlackElo "2581"]
[PlyCount "109"]
[EventDate "2005.10.21"]
[EventType "team"]
[EventRounds "15"]
[EventCountry "GER"]
[Source "ChessBase"]
[SourceDate "2006.06.07"]
[WhiteTeam "Porz"]
[BlackTeam "Werder Bremen"]
[WhiteTeamCountry "GER"]
[BlackTeamCountry "GER"]

1. d4 Nf6 2. c4 e6 3. Nc3 Bb4 4. e3 O-O 5. Bd3 d5 6. cxd5 exd5 7. Nge2 Re8 8.
Qc2 Bd6 9. a3 c6 10. Bd2 a5 11. Ng3 Nbd7 12. Nce2 Nf8 13. O-O h5 14. f3 h4 15.
Nf5 Bxf5 16. Bxf5 Qc7 17. f4 g6 18. Bh3 Ne4 19. Be1 Qe7 20. Kh1 Nd7 21. Bxd7
Qxd7 22. Bxh4 Qf5 23. Qd1 Re6 24. Ng1 Ree8 25. Nf3 Kg7 26. Rc1 Rh8 27. Kg1 Rh7
28. Be1 Rah8 29. Rc2 a4 30. g3 Qg4 31. Rg2 Ra8 32. Bb4 Bxb4 33. axb4 a3 34. Ng5
Qxd1 35. Rxd1 Nxg5 36. fxg5 Rhh8 37. b3 Rhe8 38. Re2 Ra6 39. Ra1 a2 40. Kf2
Rea8 41. Rb2 f6 42. gxf6+ Kxf6 43. h4 g5 44. Ke2 Kg6 45. Kd3 Kh5 46. Rf2 gxh4
47. gxh4 Rb6 48. Kc3 Kxh4 49. Rfxa2 Rxa2 50. Rxa2 Kg3 51. Ra8 Kf3 52. Re8 Rb5
53. Re6 Rb6 54. Re5 Rb5 55. Re6 1/2-1/2

[Event "St Petersburg Rector Cup"]
[Site "St Petersburg"]
[Date "2006.06.28"]
[Round "3"]
[White "Yevseev, Denis"]
[Black "Vitiugov, Nikita"]
[Result "0-1"]
[WhiteElo "2580"]
[BlackElo "2550"]
[PlyCount "68"]
[EventDate "2006.06.26"]
[EventType "tourn"]
[EventRounds "9"]
[EventCountry "RUS"]
[EventCategory "10"]
[Source "ChessBase"]
[SourceDate "2006.07.14"]

1. d4 Nf6 2. c4 e6 3. Nc3 Bb4 4. e3 b6 5. Nge2 Bb7 6. a3 Be7 7. d5 O-O 8. g3 b5
9. Qb3 Na6 10. cxb5 Nc5 11. Qc2 Nxd5 12. e4 Nxc3 13. Nxc3 f5 14. Bg2 Bf6 15.
O-O Bxc3 16. Qxc3 Nxe4 17. Qc2 Bd5 18. b4 Qb8 19. Bb2 Qb7 20. Rad1 Rac8 21. Qe2
Rf7 22. Qd3 Rb8 23. a4 Nf6 24. f3 d6 25. Bc3 f4 26. Rd2 Rbf8 27. g4 Nd7 28. Bd4
Nb6 29. Ra1 Nc4 30. Re2 e5 31. Bf2 e4 32. fxe4 Be6 33. e5 f3 34. exd6 fxg2 0-1

[Event "Sarajevo Bosnia-B 36th"]
[Site "Sarajevo"]
[Date "2006.05.14"]
[Round "7"]
[White "Milanovic, Danilo"]
[Black "Kurajica, Bojan"]
[Result "0-1"]
[WhiteElo "2513"]
[BlackElo "2548"]
[PlyCount "53"]
[EventDate "2006.05.07"]
[EventType "tourn"]
[EventRounds "9"]
[EventCountry "BIH"]
[EventCategory "10"]
[Source "ChessBase"]
[SourceDate "2006.07.14"]

1. d4 Nf6 2. c4 e6 3. Nc3 Bb4 4. e3 d5 5. Bd3 e5 6. dxe5 dxc4 7. Qa4+ Nc6 8.
Bxc4 Ne4 9. Nf3 Nxc3 10. bxc3 Bxc3+ 11. Ke2 O-O 12. Ba3 Bxa1 13. Rxa1 Bd7 14.
Qc2 Bg4 15. Qe4 Bxf3+ 16. gxf3 Re8 17. f4 Qh4 18. Bd5 Rad8 19. Rg1 Qh5+ 20. Qf3
Qf5 21. Qg2 Qc2+ 22. Kf3 g6 23. Bb3 Qd3 24. Kg3 Nd4 25. Rd1 Nf5+ 26. Kh3 Qe2
27. Qf3 0-1

[Event "Turin ol (Men) 37th"]
[Site "Turin"]
[Date "2006.05.23"]
[Round "3"]
[White "Peralta, Fernando"]
[Black "Vallejo Pons, Francisco"]
[Result "1/2-1/2"]
[WhiteElo "2524"]
[BlackElo "2666"]
[PlyCount "92"]
[EventDate "2006.05.21"]
[EventType "team"]
[EventRounds "13"]
[EventCountry "ITA"]
[Source "ChessBase"]
[SourceDate "2006.07.31"]
[WhiteTeam "ARG"]
[BlackTeam "ESP"]
[WhiteTeamCountry "ARG"]
[BlackTeamCountry "ESP"]

1. d4 Nf6 2. c4 e6 3. Nc3 Bb4 4. e3 c5 5. Nge2 b6 6. a3 Ba5 7. Rb1 Na6 8. Ng3
Bb7 9. Bd3 Bxg2 10. Rg1 Bb7 11. Bd2 O-O 12. d5 Ne8 13. Qh5 f5 14. e4 Qe7 15.
Kf1 Kh8 16. exf5 exd5 17. cxd5 Nac7 18. Qxh7+ Kxh7 19. f6+ Kh8 20. fxe7 Rf3 21.
Be4 Bxc3 22. Bxc3 Rf7 23. Bg6 Rxe7 24. Nf5 Ba6+ 25. Kg2 Re2 26. Bf7 Nf6 27. Kf3
Ncxd5 28. Rg3 Nxc3 29. bxc3 Nh7 30. Rh3 Rc2 31. Bg6 Rxc3+ 32. Ne3 Rf8+ 33. Kg2
Bd3 34. Rxh7+ Kg8 35. Bxd3 Rxd3 36. Rh5 Rxa3 37. Rd1 Ra2 38. Ng4 Rf7 39. Rhd5
Kf8 40. Rxd7 Rxd7 41. Rxd7 c4 42. Rc7 b5 43. Kf3 a5 44. Ne5 Rb2 45. Rf7+ Kg8
46. Ra7 a4 1/2-1/2

[Event "Turin ol (Men) 37th"]
[Site "Turin"]
[Date "2006.05.28"]
[Round "7"]
[White "Gurevich, Mikhail"]
[Black "Rozentalis, Eduardas"]
[Result "1-0"]
[WhiteElo "2643"]
[BlackElo "2596"]
[PlyCount "61"]
[EventDate "2006.05.21"]
[EventType "team"]
[EventRounds "13"]
[EventCountry "ITA"]
[Source "ChessBase"]
[SourceDate "2006.07.31"]
[WhiteTeam "TUR"]
[BlackTeam "LTU"]
[WhiteTeamCountry "TUR"]
[BlackTeamCountry "LTU"]

1. d4 Nf6 2. c4 e6 3. Nc3 Bb4 4. e3 b6 5. Nge2 O-O 6. a3 Bxc3+ 7. Nxc3 d5 8.
Be2 Bb7 9. O-O Nbd7 10. b4 dxc4 11. Bxc4 c5 12. Bb2 a6 13. dxc5 bxc5 14. Be2
Nd5 15. Nxd5 Bxd5 16. Qd2 Qg5 17. f3 Rfd8 18. Rfd1 f5 19. Rac1 cxb4 20. axb4
Nf6 21. Qc3 Ra7 22. Qa3 Rad7 23. Be5 Bb7 24. Bf4 Qg6 25. Qa5 Nd5 26. b5 e5 27.
bxa6 Bxa6 28. Bxa6 exf4 29. Rc8 Qe8 30. Rxd8 Rxd8 31. Bc4 1-0

[Event "Turin ol (Men) 37th"]
[Site "Turin"]
[Date "2006.05.29"]
[Round "8"]
[White "Sargissian, Gabriel"]
[Black "Quezada, Yuniesky"]
[Result "1-0"]
[WhiteElo "2612"]
[BlackElo "2512"]
[PlyCount "155"]
[EventDate "2006.05.21"]
[EventType "team"]
[EventRounds "13"]
[EventCountry "ITA"]
[Source "ChessBase"]
[SourceDate "2006.07.31"]
[WhiteTeam "ARM"]
[BlackTeam "CUB"]
[WhiteTeamCountry "ARM"]
[BlackTeamCountry "CUB"]

1. d4 Nf6 2. c4 e6 3. Nc3 Bb4 4. e3 O-O 5. Nge2 d5 6. a3 Bd6 7. c5 Be7 8. b4 b6
9. Nf4 c6 10. Nd3 Nbd7 11. Be2 a5 12. Bd2 Ne4 13. O-O axb4 14. Nxe4 dxe4 15.
Nxb4 Bb7 16. cxb6 c5 17. dxc5 Nxc5 18. Rb1 Rxa3 19. Nc2 Rb3 20. Ba5 Qa8 21. Bb4
Rxb1 22. Qxb1 Bd5 23. Qa1 Qxa1 24. Rxa1 Rb8 25. Ra5 Nb3 26. Rxd5 exd5 27. Bxe7
Rxb6 28. g4 Nc1 29. Nd4 Rb2 30. Kf1 Rb1 31. Kg2 Nd3 32. g5 Ne1+ 33. Kg3 Nd3 34.
h4 Rb7 35. Bd8 Kf8 36. Ba5 Rb1 37. Bc7 Ke7 38. Kg2 g6 39. Bg3 f5 40. gxf6+ Kxf6
41. Bg4 Rb6 42. Bd1 Nc5 43. Bg4 Nd3 44. Bd7 Ne5 45. Ba4 Nc4 46. Bc6 Rb2 47. Bf4
Ne5 48. Bg5+ Kg7 49. Ne6+ Kf7 50. Bxd5 Rd2 51. Nf4+ Ke8 52. Bxe4 Ng4 53. Nh3
Kf7 54. Bf4 Nf6 55. Bf3 Rc2 56. Ng5+ Ke7 57. Be5 h6 58. Ne4 Nd5 59. Bd4 h5 60.
Ng5 Nf6 61. Be4 Nxe4 62. Nxe4 Ke6 63. Ng5+ Ke7 64. e4 Rc4 65. Bg7 Ra4 66. Kg3
Ra3+ 67. f3 Ra2 68. e5 Ra1 69. Bf6+ Ke8 70. e6 Ra6 71. Kf4 Ra5 72. Ne4 Rf5+ 73.
Ke3 Rd5 74. Bg5 Re5 75. e7 Kd7 76. Kd4 Ra5 77. Nc5+ Ke8 78. Ne6 1-0

[Event "Turin ol (Men) 37th"]
[Site "Turin"]
[Date "2006.05.29"]
[Round "8"]
[White "Illescas Cordoba, Miguel"]
[Black "Gyimesi, Zoltan"]
[Result "1/2-1/2"]
[WhiteElo "2608"]
[BlackElo "2614"]
[PlyCount "55"]
[EventDate "2006.05.21"]
[EventType "team"]
[EventRounds "13"]
[EventCountry "ITA"]
[Source "ChessBase"]
[SourceDate "2006.07.31"]
[WhiteTeam "ESP"]
[BlackTeam "HUN"]
[WhiteTeamCountry "ESP"]
[BlackTeamCountry "HUN"]

1. d4 Nf6 2. c4 e6 3. Nc3 Bb4 4. e3 c5 5. Nge2 b6 6. a3 Ba5 7. Rb1 Na6 8. Ng3
Bb7 9. Bd3 h5 10. d5 exd5 11. O-O Bxc3 12. bxc3 dxc4 13. Bxc4 Nc7 14. e4 Nxe4
15. Re1 d5 16. Nxe4 dxe4 17. Qa4+ Kf8 18. Rd1 Qe8 19. Qd7 Ba6 20. Bxa6 Qxd7 21.
Rxd7 Nxa6 22. Bf4 c4 23. Bd6+ Kg8 24. Re1 Re8 25. Rxa7 Rh6 26. Bf4 Rf6 27. Rxa6
Rxf4 28. Rxb6 1/2-1/2

[Event "Turin ol (Men) 37th"]
[Site "Turin"]
[Date "2006.05.30"]
[Round "9"]
[White "Baburin, Alexander"]
[Black "Al Modiahki, Mohamad"]
[Result "1/2-1/2"]
[WhiteElo "2519"]
[BlackElo "2575"]
[PlyCount "69"]
[EventDate "2006.05.21"]
[EventType "team"]
[EventRounds "13"]
[EventCountry "ITA"]
[Source "ChessBase"]
[SourceDate "2006.07.31"]
[WhiteTeam "IRL"]
[BlackTeam "QAT"]
[WhiteTeamCountry "IRL"]
[BlackTeamCountry "QAT"]

1. d4 e6 2. c4 Nf6 3. Nc3 Bb4 4. e3 b6 5. Nge2 Ba6 6. a3 Be7 7. Nf4 O-O 8. e4
d6 9. d5 e5 10. Nh3 Bc8 11. g3 a5 12. f3 Na6 13. Rb1 Ne8 14. b4 f5 15. Nf2 Bg5
16. Be2 f4 17. Nd3 Qf6 18. h4 Qh6 19. Kd2 Be7 20. Kc2 axb4 21. axb4 Nb8 22. b5
Nd7 23. Bd2 Nc5 24. Nxc5 dxc5 25. Ra1 Rxa1 26. Qxa1 Nd6 27. Kb3 Bd7 28. Bd3 Qh5
29. g4 Qe8 30. Qa7 Qd8 31. Be1 h6 32. Qa1 Qe8 33. Ne2 Bf6 34. Bc3 Nf7 35. Kc2
1/2-1/2

[Event "Turin ol (Men) 37th"]
[Site "Turin"]
[Date "2006.05.31"]
[Round "10"]
[White "Gonzalez Zamora, Juan Carlos"]
[Black "Ricardi, Pablo"]
[Result "1/2-1/2"]
[WhiteElo "2521"]
[BlackElo "2515"]
[PlyCount "85"]
[EventDate "2006.05.21"]
[EventType "team"]
[EventRounds "13"]
[EventCountry "ITA"]
[Source "ChessBase"]
[SourceDate "2006.07.31"]
[WhiteTeam "MEX"]
[BlackTeam "ARG"]
[WhiteTeamCountry "MEX"]
[BlackTeamCountry "ARG"]

1. d4 Nf6 2. c4 e6 3. Nc3 Bb4 4. e3 c5 5. Bd3 d5 6. Nge2 Nc6 7. cxd5 Nxd5 8.
O-O cxd4 9. exd4 O-O 10. Bc2 Bd6 11. Ne4 Be7 12. a3 Bd7 13. Qd3 g6 14. Bh6 Re8
15. Rac1 Rc8 16. Bb1 a6 17. Rfd1 Na5 18. b4 Bb5 19. Qf3 Nc4 20. Ba2 Nd6 21.
Rxc8 Qxc8 22. Nxd6 Bxd6 23. Ng3 Qd8 24. Ne4 Be7 25. Bxd5 exd5 26. Nc3 Bc4 27.
h3 Bg5 28. Bxg5 Qxg5 29. g3 Re6 30. h4 Qd8 31. Qf4 Kg7 32. Qd2 Qe7 33. Kg2 h6
34. Rb1 b6 35. Rc1 a5 36. bxa5 bxa5 37. a4 Qf6 38. f3 Qe7 39. Kf2 Qa3 40. Rb1
Rc6 41. Qe3 Re6 42. Qd2 Rc6 43. Qe3 1/2-1/2

[Event "Turin ol (Men) 37th"]
[Site "Turin"]
[Date "2006.06.02"]
[Round "11"]
[White "Hillarp Persson, Tiger"]
[Black "Pelletier, Yannick"]
[Result "1/2-1/2"]
[WhiteElo "2524"]
[BlackElo "2570"]
[PlyCount "103"]
[EventDate "2006.05.21"]
[EventType "team"]
[EventRounds "13"]
[EventCountry "ITA"]
[Source "ChessBase"]
[SourceDate "2006.07.31"]
[WhiteTeam "SWE"]
[BlackTeam "SUI"]
[WhiteTeamCountry "SWE"]
[BlackTeamCountry "SUI"]

1. d4 Nf6 2. c4 e6 3. Nc3 Bb4 4. e3 O-O 5. Nge2 d5 6. a3 Bd6 7. c5 Be7 8. b4 b6
9. Nf4 c6 10. Be2 Nbd7 11. Nd3 Qc7 12. O-O a5 13. Bd2 axb4 14. axb4 Ba6 15. Qc2
Bc4 16. Nb2 Bxe2 17. Nxe2 b5 18. f3 e5 19. Nd3 e4 20. Nf2 Rxa1 21. Rxa1 exf3
22. gxf3 Nh5 23. Qa2 Bh4 24. Nd3 Qd8 25. Ndf4 Nxf4 26. Nxf4 Bg5 27. Ng2 Re8 28.
Qa7 Nf8 29. Qb7 Qf6 30. f4 Bh6 31. Ra6 Re6 32. Be1 Qg6 33. Bg3 Qb1+ 34. Kf2
Qxb4 35. Rxc6 Qd2+ 36. Kg1 Qc1+ 37. Kf2 Qd2+ 38. Kg1 Qc1+ 39. Kf2 Qc2+ 40. Kf1
Qc4+ 41. Kf2 Rxc6 42. Qxc6 b4 43. Qb7 Qc2+ 44. Kf1 b3 45. Ne1 Qc3 46. c6 b2 47.
c7 g6 48. c8=Q Qxc8 49. Qxc8 b1=Q 50. Qe8 Qf5 51. Nf3 Qe6 52. Qxe6 1/2-1/2

[Event "US op 107th"]
[Site "Chicago"]
[Date "2006.08.09"]
[Round "5"]
[White "Gurevich, Dmitry"]
[Black "Kaidanov, Gregory S"]
[Result "1/2-1/2"]
[WhiteElo "2507"]
[BlackElo "2596"]
[PlyCount "49"]
[EventDate "2006.08.05"]
[EventType "swiss"]
[EventRounds "9"]
[EventCountry "USA"]
[Source "ChessBase"]
[SourceDate "2006.09.14"]

1. d4 Nf6 2. c4 e6 3. Nc3 Bb4 4. e3 O-O 5. Nge2 d5 6. a3 Be7 7. Ng3 c5 8. dxc5
Bxc5 9. b4 Be7 10. Bb2 Nc6 11. Be2 dxc4 12. Bxc4 Ne5 13. Be2 Bd7 14. O-O Rc8
15. Qb3 a6 16. Rfd1 Qc7 17. Rac1 Qb8 18. Na4 Bc6 19. Nc5 Bd5 20. Qc3 Ned7 21.
Nxd7 Rxc3 22. Nxb8 Rxc1 23. Rxc1 Rxb8 24. f3 Ne8 25. Bd4 1/2-1/2